000 00244nam a2200085Ia 4500
008 160329s9999 xx 000 0 und d
245 _aReporters Committee for Freedom of the Press
650 _aMass Communication.
856 _uhttp://www.rcfp.org/
999 _c292910
_d292910